000 00607cam a2200205 4500
001 D6212
008 090401t1969 xxu||||| |||| 00| 0 eng d
035 _a(Sirsi) u91027
041 _aeng
050 _a692.8
110 _aJoint Contracts Tribunal
_93664
245 _a[RIBA 1963 Standard Form of Building Contract]. Standard (RIBA) Form of Building Contract 1963, Practice note 15, issued by the Joint Contracts Tribunal
260 _aLondon
_bRIBA
_c1969
300 _a1p
350 _a0
490 _aJCT Practice Note
_v15
520 _aFiled at JCT 1969/3A
942 _n0
948 _c04/03/1997
999 _c97598
_d97598